000 00490nam a2200193Ia 4500
005 20250423095123.0
008 250422s9999 xx 000 0 und d
020 _a9788123904603
050 _aTN 28 .P73/
100 _aPrasad, Umeshwar
245 0 _aEconomic geology: economic mineral deposits
250 _a2nd ed.
260 _aNew delhi
260 _bCBS publishers & distributors pvt. Ltd.
260 _c2013
300 _a319 p
650 _aGeology, Economic
942 _cBK
999 _c29299
_d29299